| 000 | 01005nas a2200301 4500 | ||
|---|---|---|---|
| 001 | BR2011000116 | ||
| 003 | BR-BrBNA | ||
| 005 | 20231205114402.0 | ||
| 007 | ta | ||
| 008 | 230509b bl.|||p| |||| 00| 00por d | ||
| 040 |
_aBR-BrBNA _bpor _cBiblioteca Nacional de Agricultura |
||
| 041 | _a(Pt) | ||
| 072 | _aL02; Q54 | ||
| 100 | 1 | _aSantos, J.R.S. | |
| 100 | 1 | _aPereira Filho, J.M. | |
| 100 | 1 | _aSilva, A.M.A. | |
| 100 | 1 | _aCezar, M.F. | |
| 100 | 1 | _aBorburema, J.B. | |
| 100 | 1 | _aSilva, J.O.R. | |
| 245 | 1 | _aEfeito da suplementação na composição física e centesimal da paleta, do costilhar e do pescoço de cordeiros Santa Inês terminados em pastejo | |
| 650 | _aCORDEIRO | ||
| 650 | _aSUPLEMENTO ALIMENTAR | ||
| 650 | _aCOMPOSIÇÃO QUÍMICA | ||
| 650 | _aPASTAGEM | ||
| 773 | 0 |
_tArquivo Brasileiro de Medicina Veterinária e Zootecnia (Brazil) _xISSN 0102-0935 _g(Aug 2010), v. 62(4) p. 906-913 _wBR2011000116 |
|
| 909 |
_a202311 _bLúcia _c55 _dLúcia Elande |
||
| 942 |
_2AGRIS _n0 _cANA |
||
| 999 |
_c208526 _d208526 |
||